000 00299nam a22001337a 4500
008 170713b xxu||||| |||| 00| 0 eng d
020 _a0691020213
041 _aeng
080 _a1(091)
100 _a24
101 _aFIL
245 _aA HISTORY OF CHINESE PHILOSOPHY
_cYU-LAN,F
942 _2udc
_cBK
999 _c20661
_d20661